| 000 | 01168nam a2200205Ia 4500 | ||
|---|---|---|---|
| 003 | Ost | ||
| 005 | 20260507075640.0 | ||
| 008 | 260507s9999||||xx |||||||||||||| ||und|| | ||
| 040 | _cfsecg | ||
| 041 | _aara | ||
| 082 | _a658.5 | ||
| 100 |
_aالبكري، سونيا محمد _eمؤلف |
||
| 245 | 0 |
_aإدارة الإنتاج والعمليات : _bمدخل النظم / _c سونيا محمد البكري |
|
| 260 |
_aالإسكندرية: _bالدار الجامعية, _c2001 |
||
| 300 |
_a467 صفحة؛ _bإيضاحات ؛ _c24 سم |
||
| 520 | _aالتطور التاريخي لإدارة الإنتاج والعمليات- إدارة النظم الإنتاجية- المفهوم والوظائف- التنبؤ- المفاهيم الاساسية للجودة- التخطيط الإجمالي- تصميم المنتجات- تخطيط العمليات الإنتاجية- موقع التسهيلات الإنتاجية- الترتيب الداخلي للتسهيلات الإنتاجية- جدولة العمليات- التحسين المستمر للعمليات | ||
| 653 | _aإدارة الإنتاج | ||
| 653 | _aالإنتاج | ||
| 942 | _cكتاب | ||
| 999 |
_c45395 _d45395 |
||